Costos (Registro nro. 2016)

Detalles MARC
000 -LEADER
fixed length control field 01720 a2200205 4500
001 - CONTROL NUMBER
control field 30090
005 - DATE AND TIME OF LATEST TRANSACTION
control field 20260407155612.0
008 - FIXED-LENGTH DATA ELEMENTS--GENERAL INFORMATION
fixed length control field 260407a1963 arg spa d
003 - CONTROL NUMBER IDENTIFIER
control field AR-UNSa-BCEJYS
040 ## - CATALOGING SOURCE
Original cataloging agency AR-UNSa-BCEJYS
Language of cataloging spa
Transcribing agency AR-UNSa-BCEJYS
080 ## - UNIVERSAL DECIMAL CLASSIFICATION NUMBER
Universal Decimal Classification number 657.474
Common auxiliary subdivision Tratamiento de los costos<br/>
100 1# - MAIN ENTRY--PERSONAL NAME
Personal name Lópes de Sa, Antonio
245 10 - TITLE STATEMENT
Title Costos
264 #1 - PRODUCTION, PUBLICATION, DISTRIBUTION, MANUFACTURE, AND COPYRIGHT NOTICE
Place of production, publication, distribution, manufacture Buenos Aires :
Name of producer, publisher, distributor, manufacturer Cangallo
Date of production, publication, distribution, manufacture, or copyright notice 1963
300 ## - PHYSICAL DESCRIPTION
Extent 344 p.
Dimensions 23 cm.
505 ## - FORMATTED CONTENTS NOTE
Formatted contents note 1. Nociones sobre costos - 2. Componentes del costo - 3. Sistema y finalidades de la contabilidad de costos - 4. Contabilidad de costos y contabilidad general - 5. Plan de cuentas de una industria que lleva contabilidad de costos - 6. Organización industrial y contabilidad de costos - 7. Costo de los materiales de la producción industrial - 8. Control de los materiales de producción - 9. Compra de materiales - 10. Almacenaje de los materiales de producción - 11. Registro contable de los materiales - 12. Costo y control de la mano de obra - 13. Registros contables y extracontables de la mano de obra - 14. Costos industriales generales indirectos - Estudios preliminares de control y sus medidas en relación al costo de los productos - 15.Costos industriales generales - Distribución en sus diversos aspectos y registros de control - 16. Registración y análisis de la distribución de los costos industriales - 17. Aplicación de las cargas de los costos generales de producción - 18. Variaciones de la aplicación de las cargas a la producción - 19. Contabilización de los costos de producción industrial - Apéndice: El balance en las empresas industriales
590 ## - LOCAL NOTE (RLIN)
Local note niveau_biblio:m niveau_hierar:0
700 1# - ADDED ENTRY--PERSONAL NAME
Personal name Fernández, Manuel
942 ## - ADDED ENTRY ELEMENTS (KOHA)
Koha item type
Existencias
Withdrawn status Lost status Damaged status Not for loan Home library Current library Shelving location Date acquired Total checkouts Full call number Barcode Date last seen Price effective from Koha item type
        Biblioteca Prof. Eusebio Cleto del Rey Biblioteca Prof. Eusebio Cleto del Rey   07/04/2026   657.474 L865 L21072 07/04/2026 07/04/2026 Libro
        Biblioteca Prof. Eusebio Cleto del Rey Biblioteca Prof. Eusebio Cleto del Rey   07/04/2026   657.474 L865 L21071 07/04/2026 07/04/2026 Libro